• 首页
  • 本馆介绍
  • 公告通知
  • 最新文献
  • 馆藏检索
  • 电子资源
  • 读者导购
  • 参考咨询
  • 我的图书馆
  • 登录
  • 详细信息显示
  • 放入我的书架
  • 预约/预借图书
  • 作者相关作品
  • 分类相关作品
  • 丛书相关作品
  • 出版社相关作品

书目信息

  • 表格格式
  • 工作单格式
  • 卡片格式
题名:
画法几何学
    
 
作者: ;大连工学院工程画教研室 编
分册:  
出版信息: 北京   人民教育出版社  1979
页数: 157页
开本: 26cm
丛书名:
单 册:
中图分类: O185.2
科图分类:
主题词: 画法几何
电子资源:
ISBN:
000 00676nam0 2200241 45
001 0179001837
005 20060817112949.32
010    @dCNY0.88
091    @a15012.0157
100    @a19950725d1979 em y0chiy0121 ea
101 0  @achi
102    @aCN@b110000
105    @ay z 000yy
200 10 @a画法几何学@Ahua fa ji he xue@f大连工学院工程画教研室编@FDa Lian Gong Xue Yuan Gong Cheng Hua Jiao Yan Shi Bian
205    @a3版@b修订本
210    @a北京@c人民教育出版社@d1979
215    @a157页@d26cm
300    @a高等学校试用教材
606    @a画法几何
690    @aO185.2@v3
711 02 @a大连工学院工程画教研室@4编
801  0 @aCN@bNLC@c20060817
905    @dO185.2@e16=3
    
    画法几何学/大连工学院工程画教研室编.-3版,修订本.-北京:人民教育出版社,1979
    157页;26cm
    高等学校试用教材
    
    ISBN :CNY0.88
    
●
相关链接 在E读中查询图书 在五车中查询图书 在当当中查询图书 在豆瓣中查询图书


正题名:画法几何学     索取号:O185.2/16=3         预约/预借

序号 登录号 条形码 馆藏地/架位号 状态 备注
1 0174551   000406634   密集书库/ [索取号:O185.2/16=3] 在馆    
2 0174552   000406661   密集书库/ [索取号:O185.2/16=3] 在馆    
3 0174553   001971209   密集书库/ [索取号:O185.2/16=3] 在馆    
4 0174554   000406705   第三借阅区/ [索取号:O185.2/16=3] 在馆    
5 0421376   204213760   密集书库/ [索取号:O185.2/16=3] 在馆    
6 0431707   204317079   密集书库/ [索取号:O185.2/16=3] 在馆    
7 0431708   204317088   密集书库/ [索取号:O185.2/16=3] 在馆    
8 0431709   204317097   密集书库/ [索取号:O185.2/16=3] 在馆    
9 0454232   204542325   密集书库/ [索取号:O185.2/16=3] 在馆    
10 0454233   204542334   密集书库/ [索取号:O185.2/16=3] 在馆    
11 0454234   204542343   密集书库/ [索取号:O185.2/16=3] 在馆    
12 0454836   204548365   密集书库/ [索取号:O185.2/16=3] 在馆    
13 0454837   204548374   密集书库/ [索取号:O185.2/16=3] 在馆    
14 0468418   204684181   密集书库/ [索取号:O185.2/16=3] 在馆    
唐山师范学院图书馆 欢迎您!
大连网信软件有限公司© 版权所有